Statistics for geography general knowledge easy

Click here to take the quiz!

General Stats

  • This quiz has been taken 69 times
  • The average score is 6 of 7

Answer Stats

HintAnswer% Correct
Largest country by areaRussia
98%
Biggest oceanPacific
96%
Country that the highest mountain is inNepal
91%
The country that has the highest populationIndia
89%
Smallest county by areaVatican city
89%
Worlds richest countryUSA
87%
Smallest oceanArctic
79%

Score Distribution

Percentile by Number Answered

Percent of People with Each Score

Your Score History

You have not taken this quiz